Devinez le détail de l'œuvre - Statistiques

Statistiques générales
  • Ce quiz a été pris 24 fois
  • Le résultat moyen est 7 sur 16
Statistiques - réponses
Par images Réponse % Correct
La vague de Kanagawa
94%
Le radeau de la méduse
89%
La jeune fille à la perle
78%
Les joueurs de carte
72%
David
56%
La Joconde
44%
Le bain turc
39%
Le baiser de l'hôtel de ville
39%
L'Ange déchu
33%
Les époux Arnolfini
33%
Le serment du jeu de Paume
22%
Judith décapitant Holopherne
17%
Napoléon visitant les pestiférés de Jaffa
17%
La gorgone du temple C de Sélinonte
11%
La stèle des vautours
11%
Le rêve
11%
Aucun quiz correspondant
Distribution des résultats
% des personnes avec chaque résultat
Percentile par nombre de réponses
Votre historique - résultats
Vous n’avez pas pris ce quiz